[Event "OP-2016-0-04098"]
[Site "LSS email"]
[Date "2016.07.17"]
[Round "?"]
[White "Palla, Vit"]
[Black "Zwaneveld, Ansel"]
[Result "0-1"]
[WhiteElo "1086"]
[BlackElo "1137"]
[PlyCount "78"]
[EventDate "2016.07.09"]
[EventType "tourn (corr)"]
[EventRounds "4"]
[EventCountry "GER"]
[SourceTitle "Corr 2022"]
[Source "ChessBase"]
[SourceDate "2021.10.24"]
[SourceVersion "1"]
[SourceVersionDate "2021.10.24"]
[SourceQuality "1"]

1. e4 c6 2. d4 d5 3. f3 Qb6 4. Nc3 e5 5. a4 dxe4 6. a5 Qxd4 7. Nxe4 Qxd1+ 8. Kxd1 f5 9. Ng3 Be6 10. Bd3 g6 11. N1e2 Nd7 12. c3 Nc5 13. Bc2 0-0-0+ 14. Ke1 Bh6 15. Bxh6 Nxh6 16. Nc1 Rd7 17. b4 Na6 18. Nd3 Bd5 19. Nb2 Re8 20. Kf2 f4 21. Ne2 Bg8 22. Rad1 Nb8 23. g4 Bd5 24. Rhe1 Rde7 25. c4 Bf7 26. Nc3 Ng8 27. Ne4 Rd8 28. Nd6+ Kc7 29. Nxf7 Rxd1 30. Nxd1 Rxf7 31. Nc3 Re7 32. h4 Nd7 33. g5 Re6 34. Ne4 Ne7 35. Nf6 Nxf6 36. gxf6 Rxf6 37. Rxe5 Kd6 38. Re1 Nf5 39. Rd1+ Kc7 0-1

[Event "OP-2016-0-04098"]
[Site "LSS email"]
[Date "2016.07.14"]
[Round "?"]
[White "Zwaneveld, Ansel"]
[Black "Andreev, Vlad"]
[Result "0-1"]
[WhiteElo "1137"]
[BlackElo "2060"]
[PlyCount "52"]
[EventDate "2016.07.09"]
[EventType "tourn (corr)"]
[EventRounds "4"]
[EventCountry "GER"]
[SourceTitle "Corr 2022"]
[Source "ChessBase"]
[SourceDate "2021.10.24"]
[SourceVersion "1"]
[SourceVersionDate "2021.10.24"]
[SourceQuality "1"]

1. d4 d5 2. c4 e6 3. Nf3 Nf6 4. e3 a6 5. a3 c5 6. dxc5 Bxc5 7. b4 Be7 8. Bb2 0-0 9. Nbd2 a5 10. Qb3 axb4 11. axb4 dxc4 12. Qxc4 Rxa1+ 13. Bxa1 Nd5 14. Be2 Bxb4 15. Qd4 f6 16. 0-0 Nc6 17. Qb2 e5 18. Bc4 Be6 19. Rd1 Qc8 20. Qb3 Na5 21. Qa2 Nxc4 22. Qxc4 Qxc4 23. Nxc4 Ra8 24. Bb2 Nc3 25. Bxc3 Bxc3 26. Ncd2 Rd8 0-1

[Event "RF-2016-0-00307"]
[Site "LSS email"]
[Date "2016.04.30"]
[Round "?"]
[White "Zwaneveld, Ansel"]
[Black "Caviglia, Maximiliano"]
[Result "1-0"]
[WhiteElo "1137"]
[BlackElo "1166"]
[PlyCount "81"]
[EventDate "2016.04.03"]
[EventType "tourn (corr)"]
[EventRounds "6"]
[EventCountry "GER"]
[SourceTitle "Corr 2022"]
[Source "ChessBase"]
[SourceDate "2021.10.24"]
[SourceVersion "1"]
[SourceVersionDate "2021.10.24"]
[SourceQuality "1"]

1. d4 Nf6 2. Nf3 e6 3. e3 b6 4. Bc4 Bb7 5. a3 Be7 6. 0-0 0-0 7. Nc3 d5 8. Bd3 Nbd7 9. b4 h6 10. b5 Bd6 11. Qe2 Qe7 12. a4 e5 13. dxe5 Nxe5 14. a5 Nfg4 15. a6 Nxf3+ 16. Qxf3 Nxh2 17. Qh5 Bc8 18. Nxd5 Qe5 19. Qxe5 Bxe5 20. Ra4 Nxf1 21. Kxf1 Be6 22. Ne7+ Kh8 23. Nc6 Bd6 24. Be4 Bd7 25. Ba3 Bxa3 26. Rxa3 Bxc6 27. Bxc6 Rad8 28. Ke2 Rd6 29. e4 Rfd8 30. Bd5 f5 31. f3 fxe4 32. fxe4 Re8 33. Re3 Re5 34. c4 Rg5 35. Kf2 Rf6+ 36. Rf3 Rgg6 37. e5 Rxf3+ 38. Kxf3 h5 39. e6 Rf6+ 40. Ke4 g5 41. e7 1-0

[Event "IECC CL0-2016.00 email"]
[Site "IECC email"]
[Date "2016.03.15"]
[Round "?"]
[White "Alonso Higelmo, Maria Isabel"]
[Black "Zwaneveld, Ansel"]
[Result "1-0"]
[WhiteElo "1378"]
[BlackElo "1108"]
[PlyCount "83"]
[EventDate "2016.02.20"]
[EventType "tourn (corr)"]
[EventRounds "4"]
[SourceTitle "Corr 2022"]
[Source "ChessBase"]
[SourceDate "2021.10.24"]
[SourceVersion "1"]
[SourceVersionDate "2021.10.24"]
[SourceQuality "1"]

1. e4 d5 2. exd5 Qxd5 3. d4 Nc6 4. Be3 Bf5 5. c4 Qd7 6. Nf3 Nb4 7. Na3 0-0-0 8. Be2 f6 9. Qd2 e5 10. dxe5 Qe6 11. Qc3 Nd3+ 12. Bxd3 Rxd3 13. Qa5 a6 14. 0-0 Ne7 15. exf6 Nc6 16. Qa4 Qxf6 17. c5 h6 18. Rfd1 Qxb2 19. Nc4 Qb4 20. Qxb4 Nxb4 21. Nce5 g5 22. Nxd3 Bxd3 23. a3 Nc2 24. Rxd3 Nxa1 25. Bd4 Rh7 26. Bxa1 Bxc5 27. Bf6 Rd7 28. Rxd7 Kxd7 29. Bb2 Ke6 30. Kf1 Kd5 31. Nd2 Bd4 32. Bc1 c5 33. Ke2 Bc3 34. Kd3 Bf6 35. Nc4 Bd8 36. Ne3+ Kc6 37. Nf5 h5 38. Ng7 b5 39. Ne6 Be7 40. Bxg5 Bxg5 41. Nxg5 c4+ 42. Kd4 1-0

[Event "IECC CL0-2016.00 email"]
[Site "IECC email"]
[Date "2016.03.15"]
[Round "?"]
[White "Palla, Vit"]
[Black "Zwaneveld, Ansel"]
[Result "1-0"]
[WhiteElo "1108"]
[BlackElo "1108"]
[PlyCount "29"]
[EventDate "2016.02.20"]
[EventType "tourn (corr)"]
[EventRounds "4"]
[SourceTitle "Corr 2022"]
[Source "ChessBase"]
[SourceDate "2021.10.24"]
[SourceVersion "1"]
[SourceVersionDate "2021.10.24"]
[SourceQuality "1"]

1. d4 d5 2. c4 dxc4 3. e4 b5 4. a4 Bb7 5. axb5 Bxe4 6. Nc3 Bd5 7. Nxd5 Qxd5 8. Qf3 e6 9. Bd2 c5 10. b6 Nc6 11. Bxc4 Qxf3 12. Nxf3 cxd4 13. Bb5 Nge7 14. Nxd4 Kd7 15. Rxa7+ 1-0

[Event "IECC CL0-2016.00 email"]
[Site "IECC email"]
[Date "2016.03.15"]
[Round "?"]
[White "Zwaneveld, Ansel"]
[Black "Liles, Chris"]
[Result "1-0"]
[WhiteElo "1108"]
[BlackElo "864"]
[PlyCount "71"]
[EventDate "2016.02.20"]
[EventType "tourn (corr)"]
[EventRounds "4"]
[SourceTitle "Corr 2022"]
[Source "ChessBase"]
[SourceDate "2021.10.24"]
[SourceVersion "1"]
[SourceVersionDate "2021.10.24"]
[SourceQuality "1"]

1. g3 Nf6 2. Bg2 e6 3. c4 c6 4. Nc3 d5 5. cxd5 cxd5 6. d4 Be7 7. Nf3 0-0 8. 0-0 Nc6 9. b3 a6 10. e3 b5 11. Qd3 Nb4 12. Qe2 Ra7 13. a3 Nc6 14. a4 b4 15. Na2 Ne4 16. Bd2 a5 17. Rfc1 Ba6 18. Qe1 Nb8 19. Ne5 f6 20. Nc6 Nxc6 21. Rxc6 Qd7 22. Rac1 f5 23. Bf1 Rc8 24. Rxa6 Rac7 25. Bb5 Rxc1 26. Bxc1 Qd8 27. Bb2 Rc2 28. Bc6 Kf7 29. Qd1 Rxb2 30. Ra8 Qd6 31. Qh5+ Kf6 32. Be8 Ng5 33. h4 g6 34. hxg5+ Kg7 35. Qh6+ Kh8 36. Bxg6+ 1-0

[Event "IECC CL0-2016.00 email"]
[Site "IECC email"]
[Date "2016.03.15"]
[Round "?"]
[White "Zwaneveld, Ansel"]
[Black "Stehling, Eva"]
[Result "1-0"]
[WhiteElo "1108"]
[BlackElo "983"]
[PlyCount "25"]
[EventDate "2016.02.20"]
[EventType "tourn (corr)"]
[EventRounds "4"]
[SourceTitle "Corr 2022"]
[Source "ChessBase"]
[SourceDate "2021.10.24"]
[SourceVersion "1"]
[SourceVersionDate "2021.10.24"]
[SourceQuality "1"]

1. g3 d5 2. Bg2 Nf6 3. Nf3 Bg4 4. 0-0 e6 5. Ne5 Bf5 6. c4 Bd6 7. d4 0-0 8. Bg5 c6 9. Nc3 dxc4 10. e4 Bxe5 11. dxe5 Qxd1 12. Raxd1 Nxe4 13. Bxe4 1-0

[Event "BI-2016-F-0000"]
[Site "LSS email"]
[Date "2016.02.14"]
[Round "?"]
[White "Guaimare Rodriguez, Carlos Luis"]
[Black "Zwaneveld, Ansel"]
[Result "1-0"]
[WhiteElo "1017"]
[BlackElo "1108"]
[PlyCount "85"]
[EventDate "2016.02.20"]
[EventType "tourn (corr)"]
[EventRounds "10"]
[EventCountry "GER"]
[SourceTitle "Corr 2022"]
[Source "ChessBase"]
[SourceDate "2021.10.24"]
[SourceVersion "1"]
[SourceVersionDate "2021.10.24"]
[SourceQuality "1"]

1. d4 d5 2. c4 dxc4 3. Nf3 b5 4. e3 a6 5. a4 Bb7 6. b3 cxb3 7. axb5 axb5 8. Rxa8 Bxa8 9. Bxb5+ c6 10. Bc4 Nf6 11. Qxb3 e6 12. 0-0 Bd6 13. Nc3 0-0 14. e4 c5 15. Nb5 Nxe4 16. Nxd6 Qxd6 17. dxc5 Nxc5 18. Qa3 Bxf3 19. Qxf3 Rc8 20. Bf4 Qd4 21. Ba2 Qe4 22. Qg3 Nbd7 23. Bb1 Qd5 24. Bh6 g6 25. Qc3 e5 26. h3 Qd4 27. Qa5 Ne6 28. Ba2 Qc5 29. Qa4 Qe7 30. Rd1 Ndf8 31. Qb5 Nd4 32. Qd5 Rd8 33. Qe4 Kh8 34. Bxf7 Nd7 35. Rxd4 Qxf7 36. Rd1 Rb8 37. g3 Kg8 38. Kg2 Qe6 39. Qa4 Rb7 40. Qa8+ Rb8 41. Qa7 Qc6+ 42. Kh2 Qf3 43. Qxb8+ 1-0

[Event "BI-2016-F-0000"]
[Site "LSS email"]
[Date "2016.02.14"]
[Round "?"]
[White "Lombardi, Donato"]
[Black "Zwaneveld, Ansel"]
[Result "1-0"]
[WhiteElo "884"]
[BlackElo "1108"]
[PlyCount "105"]
[EventDate "2016.02.20"]
[EventType "tourn (corr)"]
[EventRounds "10"]
[EventCountry "GER"]
[SourceTitle "Corr 2022"]
[Source "ChessBase"]
[SourceDate "2021.10.24"]
[SourceVersion "1"]
[SourceVersionDate "2021.10.24"]
[SourceQuality "1"]

1. e4 Nf6 2. e5 Nd5 3. d4 d6 4. c4 Nb6 5. f4 f6 6. Nf3 Bg4 7. Bd3 g6 8. exf6 exf6 9. 0-0 Nc6 10. Be3 Nb4 11. Be2 Bf5 12. Nc3 Nc2 13. Bf2 Nxa1 14. Qxa1 Bg7 15. Re1 0-0 16. a4 Be6 17. d5 Bf7 18. a5 Nd7 19. Bd3 Re8 20. Nd4 Rxe1+ 21. Qxe1 Nc5 22. Bb1 Qe8 23. Qd2 Qe7 24. h3 a6 25. b4 Nd7 26. Bd3 Re8 27. Ne4 Bh6 28. Bh4 Bg7 29. Nf3 Kh8 30. Ng3 Qe3+ 31. Qxe3 Rxe3 32. Bf1 h6 33. Kf2 Rb3 34. Nd4 Rxb4 35. Ne6 Bxe6 36. dxe6 Bf8 37. exd7 Be7 38. Ne4 g5 39. fxg5 hxg5 40. Bg3 Kg7 41. Bd3 Ra4 42. c5 d5 43. Nd2 Bd8 44. Ke2 Rxa5 45. Nb3 Ra2+ 46. Kf3 c6 47. Nd4 Kf7 48. Bf5 Ra3+ 49. Kg4 Ke7 50. Bd6+ Kf7 51. Ne6 Ra4+ 52. Kg3 Ra3+ 53. Kh2 1-0

[Event "BI-2016-F-0000"]
[Site "LSS email"]
[Date "2016.02.14"]
[Round "?"]
[White "Neumann, Otto"]
[Black "Zwaneveld, Ansel"]
[Result "0-1"]
[WhiteElo "811"]
[BlackElo "1108"]
[PlyCount "32"]
[EventDate "2016.02.20"]
[EventType "tourn (corr)"]
[EventRounds "10"]
[EventCountry "GER"]
[SourceTitle "Corr 2022"]
[Source "ChessBase"]
[SourceDate "2021.10.24"]
[SourceVersion "1"]
[SourceVersionDate "2021.10.24"]
[SourceQuality "1"]

1. d4 d5 2. Nf3 Nf6 3. Bf4 Nc6 4. h3 Bf5 5. e3 e6 6. a3 Bd6 7. Bh2 Qd7 8. Bb5 a6 9. Ba4 b5 10. Bb3 Na5 11. Ba2 Ne4 12. Nbd2 Nc4 13. 0-0 Nxb2 14. Qc1 Na4 15. Nb3 Nac3 16. Bb1 Ne2+ 0-1

[Event "BI-2016-F-0000"]
[Site "LSS email"]
[Date "2016.02.14"]
[Round "?"]
[White "Zwaneveld, Ansel"]
[Black "Evtyugin, Yury Alekseevich"]
[Result "1-0"]
[WhiteElo "1108"]
[BlackElo "958"]
[PlyCount "39"]
[EventDate "2016.02.20"]
[EventType "tourn (corr)"]
[EventRounds "10"]
[EventCountry "GER"]
[SourceTitle "Corr 2022"]
[Source "ChessBase"]
[SourceDate "2021.10.24"]
[SourceVersion "1"]
[SourceVersionDate "2021.10.24"]
[SourceQuality "1"]

1. d4 d5 2. c4 e6 3. Nc3 Nf6 4. Nf3 Bb4 5. a3 Bxc3+ 6. bxc3 h6 7. e3 c6 8. a4 0-0 9. Bd3 dxc4 10. Bxc4 Nbd7 11. Ba3 Re8 12. Qc2 Nd5 13. e4 N5b6 14. Ba2 Nf6 15. Bb1 g6 16. Nh4 Kg7 17. e5 Nfd5 18. Nxg6 Qg5 19. Nf4 Qxf4 20. Qh7# 1-0

[Event "BI-2016-F-0000"]
[Site "LSS email"]
[Date "2016.02.14"]
[Round "?"]
[White "Zwaneveld, Ansel"]
[Black "Lenz, Juergen"]
[Result "1-0"]
[WhiteElo "1108"]
[BlackElo "1094"]
[PlyCount "59"]
[EventDate "2016.02.20"]
[EventType "tourn (corr)"]
[EventRounds "10"]
[EventCountry "GER"]
[SourceTitle "Corr 2022"]
[Source "ChessBase"]
[SourceDate "2021.10.24"]
[SourceVersion "1"]
[SourceVersionDate "2021.10.24"]
[SourceQuality "1"]

1. d4 Nf6 2. Nf3 d6 3. c4 c6 4. Nc3 Bf5 5. Bf4 h6 6. h3 Nbd7 7. e3 Qc7 8. b4 e5 9. Bh2 Ne4 10. Nxe4 Bxe4 11. Bd3 Bxd3 12. Qxd3 Be7 13. c5 f6 14. 0-0 b6 15. cxd6 Bxd6 16. Qg6+ Kf8 17. dxe5 Nxe5 18. Bxe5 Bxe5 19. Rac1 Rc8 20. Rfd1 Qf7 21. Qf5 Re8 22. Rxc6 g6 23. Nxe5 Rxe5 24. Qxf6 Qxf6 25. Rxf6+ Kg7 26. Rdd6 Rg5 27. f4 Rf5 28. Rxg6+ Kf7 29. a4 h5 30. g4 1-0

[Event "BI-2016-F-0000"]
[Site "LSS email"]
[Date "2016.02.14"]
[Round "?"]
[White "Zwaneveld, Ansel"]
[Black "Lonyuk, Bohdan"]
[Result "1-0"]
[WhiteElo "1108"]
[BlackElo "1298"]
[PlyCount "59"]
[EventDate "2016.02.20"]
[EventType "tourn (corr)"]
[EventRounds "10"]
[EventCountry "GER"]
[SourceTitle "Corr 2022"]
[Source "ChessBase"]
[SourceDate "2021.10.24"]
[SourceVersion "1"]
[SourceVersionDate "2021.10.24"]
[SourceQuality "1"]

1. d4 d5 2. c4 e6 3. Nc3 c6 4. Nf3 Nf6 5. Bg5 dxc4 6. e3 b5 7. Ne4 Bb4+ 8. Nc3 Nbd7 9. a3 Be7 10. g3 h6 11. Bf4 g5 12. Be5 Nxe5 13. Nxe5 Nd7 14. Nxc6 Qb6 15. Nxe7 Kxe7 16. Bg2 Bb7 17. 0-0 Bxg2 18. Kxg2 a6 19. d5 e5 20. Qf3 Qg6 21. d6+ Qxd6 22. Rad1 Qb8 23. Rxd7+ Kxd7 24. Qxf7+ Kc8 25. Qe6+ Kb7 26. Rd1 Qc8 27. Rd7+ Qc7 28. Rxc7+ Kxc7 29. Nd5+ Kb7 30. Qb6+ 1-0

[Event "BI-2016-F-0000"]
[Site "LSS email"]
[Date "2016.02.14"]
[Round "?"]
[White "Zwaneveld, Ansel"]
[Black "Verich, Oleg"]
[Result "1/2-1/2"]
[WhiteElo "1108"]
[BlackElo "1214"]
[PlyCount "131"]
[EventDate "2016.02.20"]
[EventType "tourn (corr)"]
[EventRounds "10"]
[EventCountry "GER"]
[SourceTitle "Corr 2022"]
[Source "ChessBase"]
[SourceDate "2021.10.24"]
[SourceVersion "1"]
[SourceVersionDate "2021.10.24"]
[SourceQuality "1"]

1. d4 Nf6 2. Nf3 e6 3. e3 d5 4. Nbd2 c5 5. b3 Nc6 6. Bb2 Be7 7. dxc5 Bxc5 8. Rc1 0-0 9. a3 Bd6 10. c4 dxc4 11. Bxc4 Re8 12. 0-0 Bd7 13. Qe2 e5 14. Rfd1 Qe7 15. b4 a6 16. Ba2 Be6 17. Bxe6 Qxe6 18. Nc4 Rad8 19. Nxd6 Rxd6 20. b5 axb5 21. Qxb5 Rxd1+ 22. Rxd1 e4 23. Ng5 Qe7 24. Qf5 Ne5 25. Bxe5 Qxe5 26. Qxe5 Rxe5 27. Rd8+ Ne8 28. Nh3 Kf8 29. Rd7 Rb5 30. f3 Nf6 31. Rd8+ Ke7 32. Ra8 exf3 33. gxf3 Rb2 34. Ra4 Nd5 35. Nf2 Rb1+ 36. Kg2 Nxe3+ 37. Kg3 Nf5+ 38. Kf4 Nd6 39. Ng4 f6 40. Ne3 g6 41. h4 h6 42. Nd5+ Ke6 43. Nc7+ Kf7 44. Nd5 Rd1 45. Nc3 Rd3 46. Ne2 g5+ 47. Kg4 f5+ 48. Kh5 gxh4 49. Kxh4 Rxf3 50. Nf4 Ne4 51. Ng2 Kg6 52. Rb4 Rxa3 53. Rb6+ Nf6 54. Nf4+ Kf7 55. Rxb7+ Ke8 56. Rb8+ Ke7 57. Rb7+ Nd7 58. Kh5 Rf3 59. Ng6+ Kf6 60. Rxd7 Rh3+ 61. Nh4 Ke6 62. Rh7 Ke5 63. Rxh6 f4 64. Ra6 Ke4 65. Re6+ Kd5 66. Re1 1/2-1/2

[Event "BI-2016-F-0000"]
[Site "LSS email"]
[Date "2016.02.14"]
[Round "?"]
[White "Zwaneveld, Ansel"]
[Black "Zmolil, Karel"]
[Result "1/2-1/2"]
[WhiteElo "1108"]
[BlackElo "1245"]
[PlyCount "76"]
[EventDate "2016.02.20"]
[EventType "tourn (corr)"]
[EventRounds "10"]
[EventCountry "GER"]
[SourceTitle "Corr 2022"]
[Source "ChessBase"]
[SourceDate "2021.10.24"]
[SourceVersion "1"]
[SourceVersionDate "2021.10.24"]
[SourceQuality "1"]

1. d4 Nf6 2. Nf3 d5 3. c4 dxc4 4. Nc3 e6 5. e4 Bb4 6. Bxc4 Nxe4 7. Qc2 Nxc3 8. bxc3 Bd6 9. 0-0 h6 10. Re1 c6 11. d5 cxd5 12. Bxd5 Bxh2+ 13. Kxh2 Qxd5 14. Ba3 Nc6 15. Rad1 Qa5 16. Bd6 Bd7 17. Qd2 Rd8 18. Ne5 Bc8 19. Qf4 Nxe5 20. Rxe5 Qa6 21. Re3 b6 22. Qd4 f6 23. Qg4 Qb7 24. Rxe6+ Kf7 25. Qh5+ g6 26. Re7+ Qxe7 27. Bxe7 gxh5 28. Bxd8 Re8 29. Rd2 Re6 30. Bc7 Rc6 31. Bb8 a6 32. Ba7 Rxc3 33. Bxb6 Ra3 34. Bc5 Ra5 35. Rc2 Bf5 36. Bb4 Rb5 37. Rc7+ Kg6 38. Bc3 Rb6 1/2-1/2

[Event "IECC CL0-2016.00 email"]
[Site "IECC email"]
[Date "2016.01.13"]
[Round "?"]
[White "Shim Ng Min, Francis"]
[Black "Zwaneveld, Ansel"]
[Result "1/2-1/2"]
[WhiteElo "1171"]
[BlackElo "1121"]
[PlyCount "66"]
[EventDate "2015.12.13"]
[EventType "tourn (corr)"]
[EventRounds "4"]
[SourceTitle "Corr 2022"]
[Source "ChessBase"]
[SourceDate "2021.10.24"]
[SourceVersion "1"]
[SourceVersionDate "2021.10.24"]
[SourceQuality "1"]

1. e4 Nf6 2. e5 Nd5 3. d4 d6 4. Nf3 Bg4 5. Be2 e6 6. c4 Nb6 7. exd6 cxd6 8. 0-0 Be7 9. Nc3 0-0 10. Be3 d5 11. cxd5 exd5 12. Ne5 Bxe2 13. Qxe2 N8d7 14. Qg4 Bf6 15. Nxd7 Qxd7 16. Qxd7 Nxd7 17. Nxd5 Rfd8 18. Rac1 Rac8 19. Rxc8 Rxc8 20. Nxf6+ Nxf6 21. Rc1 Rxc1+ 22. Bxc1 Kf8 23. f4 Ke7 24. Kf2 Ng4+ 25. Kg3 f5 26. h3 Nf6 27. Kf3 Kd6 28. Ke2 Kd5 29. Kd3 Ne4 30. a3 b5 31. Be3 Ng3 32. Bf2 Ne4 33. Be3 Ng3 1/2-1/2

[Event "RF-2016-0-00278"]
[Site "LSS email"]
[Date "2016.01.03"]
[Round "?"]
[White "Lauer, Frederic"]
[Black "Zwaneveld, Ansel"]
[Result "1-0"]
[WhiteElo "1063"]
[BlackElo "1121"]
[PlyCount "81"]
[EventDate "2015.12.03"]
[EventType "tourn (corr)"]
[EventRounds "6"]
[EventCountry "GER"]
[SourceTitle "Corr 2022"]
[Source "ChessBase"]
[SourceDate "2021.10.24"]
[SourceVersion "1"]
[SourceVersionDate "2021.10.24"]
[SourceQuality "1"]

1. e4 e5 2. Nf3 Nc6 3. Nc3 Bc5 4. Nxe5 Nxe5 5. d4 Bd6 6. dxe5 Bxe5 7. Qd3 Qe7 8. Nd5 Qe6 9. f4 c6 10. fxe5 cxd5 11. Qxd5 Ne7 12. Qd6 Ng6 13. Qxe6+ dxe6 14. Bb5+ Bd7 15. Bxd7+ Kxd7 16. Be3 Rhd8 17. 0-0-0+ Ke8 18. Rxd8+ Rxd8 19. Rd1 Rxd1+ 20. Kxd1 Nxe5 21. Bxa7 Ng4 22. h3 Nf6 23. e5 Nh5 24. Be3 g6 25. Ke2 Kd7 26. g4 Ng7 27. c4 Kc6 28. b4 Ne8 29. b5+ Kc7 30. a4 f5 31. exf6 Nxf6 32. c5 Nd5 33. Bd4 Nf4+ 34. Kf3 Nd5 35. Ke4 Kd7 36. Ke5 h5 37. gxh5 gxh5 38. a5 Nb4 39. Kf6 Nc2 40. a6 bxa6 41. bxa6 1-0

[Event "RF-2016-0-00278"]
[Site "LSS email"]
[Date "2016.01.03"]
[Round "?"]
[White "Zwaneveld, Ansel"]
[Black "Bieszk, Stanislaw"]
[Result "1-0"]
[WhiteElo "1121"]
[BlackElo "851"]
[PlyCount "27"]
[EventDate "2015.12.03"]
[EventType "tourn (corr)"]
[EventRounds "6"]
[EventCountry "GER"]
[SourceTitle "Corr 2022"]
[Source "ChessBase"]
[SourceDate "2021.10.24"]
[SourceVersion "1"]
[SourceVersionDate "2021.10.24"]
[SourceQuality "1"]

1. d4 Nf6 2. Nc3 d5 3. Nf3 c6 4. Bf4 e6 5. e3 Bb4 6. a3 Bxc3+ 7. bxc3 Qa5 8. Bd3 Qxc3+ 9. Nd2 Ne4 10. Bxe4 dxe4 11. 0-0 f5 12. Bd6 Nd7 13. Bb4 Qb2 14. Nc4 1-0

[Event "RF-2015-0-00277"]
[Site "LSS email"]
[Date "2015.12.30"]
[Round "?"]
[White "Zwaneveld, Ansel"]
[Black "Bieszk, Stanislaw"]
[Result "1-0"]
[WhiteElo "1118"]
[BlackElo "876"]
[PlyCount "42"]
[EventDate "2015.11.30"]
[EventType "tourn (corr)"]
[EventRounds "6"]
[EventCountry "GER"]
[SourceTitle "Corr 2022"]
[Source "ChessBase"]
[SourceDate "2021.10.24"]
[SourceVersion "1"]
[SourceVersionDate "2021.10.24"]
[SourceQuality "1"]

1. d4 Nf6 2. Nf3 d5 3. Bg5 Ne4 4. Nbd2 Nxg5 5. Nxg5 h6 6. Ngf3 Nd7 7. e3 c5 8. b3 Qc7 9. Bd3 cxd4 10. exd4 e5 11. dxe5 Nxe5 12. Qe2 Bd6 13. Nxe5 Bxe5 14. f4 0-0 15. fxe5 Re8 16. 0-0 Rxe5 17. Qf2 Be6 18. Qf4 Rc8 19. Nf3 Rf5 20. Qxc7 Rxc7 21. Bxf5 Bxf5 1-0

[Event "OP-2015-0-03891"]
[Site "LSS email"]
[Date "2015.12.08"]
[Round "?"]
[White "Narkun, Michal"]
[Black "Zwaneveld, Ansel"]
[Result "1-0"]
[WhiteElo "2416"]
[BlackElo "1118"]
[PlyCount "37"]
[EventDate "2015.12.01"]
[EventType "tourn (corr)"]
[EventRounds "4"]
[EventCountry "GER"]
[SourceTitle "Corr 2022"]
[Source "ChessBase"]
[SourceDate "2021.10.24"]
[SourceVersion "1"]
[SourceVersionDate "2021.10.24"]
[SourceQuality "1"]

1. d4 d5 2. c4 dxc4 3. e4 e5 4. Nf3 exd4 5. Bxc4 Nc6 6. 0-0 Be6 7. Bxe6 fxe6 8. Qb3 Qd7 9. Qxb7 Rb8 10. Qa6 Bc5 11. Nbd2 Bb6 12. Nc4 Nge7 13. Nfe5 Nxe5 14. Nxe5 Qc8 15. Qa3 Qd8 16. Qf3 Rf8 17. Qh5+ g6 18. Qxh7 Rg8 19. Qf7# 1-0

[Event "LSS No Engine Cup 142 Preliminary 0"]
[Site "LSS email"]
[Date "2015.11.10"]
[Round "?"]
[White "Glowinski, Daniel"]
[Black "Zwaneveld, Ansel"]
[Result "1-0"]
[WhiteElo "1907"]
[BlackElo "1474"]
[PlyCount "33"]
[EventDate "2015.11.11"]
[EventType "tourn (corr)"]
[EventRounds "6"]
[EventCountry "GER"]
[SourceTitle "Corr 2022"]
[Source "ChessBase"]
[SourceDate "2021.10.24"]
[SourceVersion "1"]
[SourceVersionDate "2021.10.24"]
[SourceQuality "1"]

1. e4 e5 2. Nf3 Nc6 3. Bb5 Nd4 4. Nxd4 exd4 5. 0-0 Bc5 6. d3 c6 7. Ba4 a5 8. Nd2 b5 9. Bb3 a4 10. Bxf7+ Kxf7 11. Qh5+ g6 12. Qxc5 Qf6 13. e5 Qe6 14. Ne4 h6 15. Bxh6 Qe7 16. e6+ Kxe6 17. Ng5+ 1-0

[Event "CP-2015-P-00043"]
[Site "LSS email"]
[Date "2015.09.28"]
[Round "?"]
[White "Miquel, Indalecio"]
[Black "Zwaneveld, Ansel"]
[Result "1-0"]
[WhiteElo "1447"]
[BlackElo "1106"]
[PlyCount "53"]
[EventDate "2015.10.01"]
[EventType "tourn (corr)"]
[EventRounds "6"]
[EventCountry "GER"]
[SourceTitle "Corr 2022"]
[Source "ChessBase"]
[SourceDate "2021.10.24"]
[SourceVersion "1"]
[SourceVersionDate "2021.10.24"]
[SourceQuality "1"]

1. d4 Nf6 2. c4 c6 3. Nf3 d5 4. e3 Bg4 5. Bd3 dxc4 6. Bxc4 e6 7. Nc3 Nd5 8. 0-0 Bd6 9. e4 Nb6 10. Be2 0-0 11. h3 Bxf3 12. Bxf3 e5 13. dxe5 Bxe5 14. Qb3 Qe7 15. Be3 N8d7 16. a4 Rfb8 17. a5 Nc8 18. Rfd1 Nd6 19. Rd2 b6 20. Rad1 bxa5 21. Qa3 Nb6 22. Be2 Nf5 23. exf5 Qxa3 24. bxa3 Bxc3 25. Rc2 Na4 26. Bf3 Rb2 27. Rcc1 1-0

[Event "SN-2015-0-00700"]
[Site "LSS email"]
[Date "2015.09.08"]
[Round "?"]
[White "Semenov, Zhenya"]
[Black "Zwaneveld, Ansel"]
[Result "0-1"]
[WhiteElo "895"]
[BlackElo "1114"]
[PlyCount "58"]
[EventDate "2015.08.19"]
[EventType "tourn (corr)"]
[EventRounds "6"]
[EventCountry "GER"]
[SourceTitle "Corr 2022"]
[Source "ChessBase"]
[SourceDate "2021.10.24"]
[SourceVersion "1"]
[SourceVersionDate "2021.10.24"]
[SourceQuality "1"]

1. Nf3 Nc6 2. e4 e5 3. d4 exd4 4. Nxd4 Nxd4 5. Qxd4 b6 6. Be3 Bb7 7. Be2 Qf6 8. f3 Bc5 9. Qxf6 Nxf6 10. Bxc5 bxc5 11. 0-0 0-0 12. c4 Rfe8 13. Nc3 Rab8 14. b3 a6 15. Bd3 d6 16. Nd5 Nd7 17. Nxc7 Rf8 18. Nd5 Rfe8 19. Rfe1 Bxd5 20. exd5 g6 21. Kf2 a5 22. h4 Ne5 23. Bf1 a4 24. f4 Ng4+ 25. Kg3 Ne3 26. Rac1 axb3 27. axb3 Rxb3 28. Kh2 Re4 29. g3 f5 0-1